Cómo evaluar los centros educativos: algunos instrumentos y procedimientos

Guardat en:
Dades bibliogràfiques
Autor principal: Isaacs, David (Autor)
Format: Llibre
Idioma:espanyol
Publicat: Pamplona EUNSA 1977
Matèries:
Etiquetes: Afegir etiqueta
Sense etiquetes, Sigues el primer a etiquetar aquest registre!

MARC

LEADER 00000nam a2200000 a 4500
001 UCZ7509
003 CL-VaPUC
008 960105e19770000SP |||||||||||||||||spa|d
082 0 4 |a 371.262  |b ISA  |2 21 
100 |a Isaacs, David  |e author  |9 573974 
245 1 0 |a Cómo evaluar los centros educativos: algunos instrumentos y procedimientos 
300 |a 293 p 
942 |c BK 
945 |d 19960105 00:00:00  |a cmena 
260 |a Pamplona  |b EUNSA  |c 1977 
650 0 |a Evaluación de la educación   |9 237505 
650 0 |a Investigación educacional   |9 261192 
650 0 |a Escuelas  |9 308582 
650 7 |a ESTABLECIMIENTOS DE ENSEÑANZA  |2 CL-VaPUC  |9 341828 
583 |a last modification  |c 19960105 00:00:00  |k Rodrigo Vera 
999 |c 243578  |d 243576 
952 |0 0  |1 0  |4 0  |6 371_262000000000000_ISA_1977  |7 0  |8 P  |9 257265  |a BIBEDU  |b BIBEDU  |c BIBEDU_PB  |d 2019-11-19  |i 1611259  |o 371.262 ISA 1977  |p 1611259  |r 2024-01-25  |w 2019-11-19  |y BK  |k EDU 
952 |0 0  |1 0  |4 0  |6 371_262000000000000_ISA_1977  |7 0  |8 P  |9 257266  |a BIBEDU  |b BIBEDU  |c BIBEDU_PB  |d 2019-11-19  |i 1612891  |o 371.262 ISA 1977  |p 1612891  |r 2024-01-25  |w 2019-11-19  |y BK  |k EDU